000
00322nam a22001457a 4500
003
SGT
020
_a
978-1-49877-542-7
082
_a
150
_b
H18G
100
_a
GELFAND, WANDA G.
245
_a
HEARING : A INTRODUCTION TO PSYCHOLOGICAL
250
_a
6TH
260
_b
CRC PUB
_c
2018
300
_a
404
942
_2
ddc
_c
BK
999
_c
17882
_d
17882